000 00340nam a2200133 a 4500
005 20141022141959.0
008 120229s19uu xx 00 eng d
050 _aCD-ROM
_bP14 2006
100 _aPagel, Larry G.
245 _aproofreading and editing precision /
_cLarry G. Pagel.
250 _a5th ed.
260 _c2006.
942 _cAVM
999 _c276181
_d276181